The life & adventures of Sig Gaudentio di Lucca /

Bibliographic Details
Main Author: Berington, Simon, 1680-1755
Other Authors: Berkeley, George, 1685-1753
Format: eBook
Language:English
Edition:First American edition.
Series:Early American imprints. Evans (1639-1800) ; no. 30059.
Subjects:
Online Access:Evans Digital Edition

MARC

Tag First Indicator Second Indicator Subfields
LEADER 00000cam a2200000 a 4500
001 in00002138607
006 m e d #
007 cr mn mmmmabba
008 840306r1796 ctu s 000 1 eng d
005 20260331162754.1
035 |z w019534 
035 |a MAAR8403061078B 
035 |9 mwa91-50203 
035 |a 332989 
035 |a aas03019534 
040 |a MWA  |c MWA  |e bdrb  |d UtOrBLW 
100 1 |a Berington, Simon,  |d 1680-1755. 
245 1 4 |a The life & adventures of Sig Gaudentio di Lucca /  |c written by himself. ; Giving an account of the country in the midst of the vast desarts [as printed] of Africa, being unknown to any person except Sig. Gaudentio, and its inhabitants, altho' as ancas printed],--and their method of travelling. Interspersed with several most surprising and curious incidents. ; Copied from the original manuscript kept in St. Mark's Library at Venice. 
250 |a First American edition. 
264 3 |a Norwich [Conn.] :  |b Printed and sold by John Trumbull, at his printing-office a few rods west from the court house,  |c M,DCC,XCVI. [1796] 
300 |a 130 pages ;  |c 17 cm. (duodecimo) 
336 |a text  |b txt  |2 rdacontent 
337 |a computer  |b c  |2 rdamedia 
338 |a online resource  |b cr  |2 rdacarrier 
500 |a Not a translation, though so described in some editions. Attributed to Berington in the New Cambridge bibliography of English literature. Sometimes wrongly attributed to George Berkeley. 
500 |a First published at London in 1737 under title: The memoirs of Signor Gaudentio de Lucca. 
510 4 |a Evans  |c 30059 
510 4 |a Trumbull, J.H. Connecticut (suppl.),  |c 1916 
530 |a Microform version available in the Readex Early American Imprints series. 
533 |a Electronic text and image data.  |b [Chester, Vt. :  |c Readex, a division of Newsbank, Inc.,  |d 2002-2004.  |e Includes files in TIFF, GIF and PDF formats with inclusion of keyword searchable text.  |f (Early American imprints. First series ; no. 30059). 
500 |a Electronic resource. 
650 0 |a Inquisition  |z Italy. 
650 0 |a Utopias. 
655 7 |a Imaginary voyages.  |2 rbgenr 
700 1 |a Berkeley, George,  |d 1685-1753. 
752 |a United States  |b Connecticut  |d Norwich. 
830 0 |a Early American imprints.  |n Series I,  |p Evans (1639-1800) ;  |v no. 30059. 
856 4 1 |u http://proxy.library.tamu.edu/login?url=https://opac.newsbank.com/select/evans/30059  |y Evans Digital Edition  |t 0 
999 |a MARS 
999 f f |s e1ca9d24-aa73-35ca-9d59-a58ec4ec58f1  |i d620a44d-9883-32a2-b57e-eb644b6e5ef0  |t 0 
952 f f |a Texas A&M University  |b College Station  |c Electronic Resources  |s www_evans  |d Available Online  |t 0  |h No information provided 
998 f f |t 0  |l Available Online